000
00298 a2200157 4500
001
175570
020
_a
040
_c
Magnum
100
_a
-
240
1
0
_a
Rapunzel
_l
por
245
1
0
_a
Rapunzel
362
0
_a
1899
440
1
_a
Itatiaia
697
_a
MAGNITO: I/FADAS, FANTASIA
942
_c
BK
999
_c
175570
_d
175570